[Event "Olimpiada de Khanty-Mansiysk 2010"]
[Site "Khanty-Mansiysk RUS"]
[Date "2010.10.01"]
[Round "10"]
[White "Abdulwahab, Marwan"]
[Black "Andreasen, Joan Hendrik"]
[Result "0-1"]
[WhiteElo "2089"]
[BlackElo "2217"]
[PlyCount "148"]
[EventDate "2010.09.21"]
[EventType "team"]
[EventRounds "11"]
[EventCountry "RUS"]
[Source "lmi"]
[SourceDate "2010.09.21"]
[WhiteTeam "Emiratos Arabes Unidos"]
[BlackTeam "Islas Faroe"]
[WhiteTeamCountry "UAE"]
[BlackTeamCountry "FAI"]

1. e4 e6 2. d4 d5 3. Nc3 Nf6 4. Bg5 Bb4 5. e5 h6 6. Bd2 Bxc3 7. bxc3 Ne4 8. Bd3
Nxd2 9. Qxd2 c5 10. Nf3 Qa5 11. O-O Nc6 12. Rfd1 Bd7 13. c4 dxc4 14. Bxc4 Qxd2
15. Rxd2 cxd4 16. Re1 Rc8 17. Nxd4 Nxd4 18. Rxd4 Ke7 19. Rb1 Rc7 20. h3 Rhc8
21. Rbd1 Be8 22. Bb3 b5 23. a4 Rc5 24. axb5 Bxb5 25. Ba4 R8c7 26. Bxb5 Rxb5 27.
f4 g5 28. R1d2 gxf4 29. Re2 Rcc5 30. Rxf4 Rxe5 31. Rd2 Rbd5 32. Rdf2 Rf5 33.
Rxf5 Rxf5 34. Re2 a5 35. Re4 Rc5 36. Ra4 Kd6 37. Kf1 Kc6 38. Ke1 Rxc2 39. Rxa5
Rxg2 40. Rh5 Rg6 41. Kf2 Kd6 42. Ra5 Ke7 43. Kf3 Kf6 44. Rb5 Rg5 45. Rb8 Ra5
46. Rh8 h5 47. Kf4 Ra4+ 48. Kg3 h4+ 49. Kf3 Kg6 50. Rg8+ Kf5 51. Rf8 Ra3+ 52.
Kg2 Rg3+ 53. Kh2 Rg7 54. Rh8 Kg5 55. Kg2 f5 56. Kf2 Ra7 57. Re8 Ra2+ 58. Kf3
Ra3+ 59. Kg2 Kf6 60. Rf8+ Ke5 61. Rh8 Ra4 62. Rh6 Kd5 63. Rh5 Rf4 64. Rh8 e5
65. Rd8+ Ke6 66. Re8+ Kf6 67. Rf8+ Ke7 68. Ra8 Rc4 69. Ra7+ Kf6 70. Ra5 e4 71.
Ra6+ Kg5 72. Ra8 Kf4 73. Rf8 Rc2+ 74. Kf1 Rh2 0-1

[Event "Olimpiada de Khanty-Mansiysk 2010"]
[Site "Khanty-Mansiysk RUS"]
[Date "2010.10.01"]
[Round "10"]
[White "Gruenfeld, Yehuda"]
[Black "Machin, Rivera Mark"]
[Result "1-0"]
[WhiteElo "2464"]
[BlackElo "2229"]
[PlyCount "89"]
[EventDate "2010.09.21"]
[EventType "team"]
[EventRounds "11"]
[EventCountry "RUS"]
[Source "lmi"]
[SourceDate "2010.09.21"]
[WhiteTeam "ICS"]
[BlackTeam "Puerto Rico"]
[BlackTeamCountry "PUR"]

1. e4 g6 2. d4 Bg7 3. Nc3 d6 4. Be3 a6 5. Nf3 b5 6. Bd3 Nd7 7. a4 b4 8. Ne2 c5
9. c3 bxc3 10. bxc3 Qa5 11. O-O Bb7 12. Rb1 Qc7 13. Ng3 Ngf6 14. e5 Nd5 15.
exd6 exd6 16. Qd2 O-O 17. Bh6 Rab8 18. Nf5 Bf6 19. Bxf8 Nxf8 20. Nh6+ Kh8 21.
Be4 Ne6 22. Bxd5 Bxd5 23. Rxb8+ Qxb8 24. Nxf7+ Kg7 25. N7g5 Nxg5 26. Nxg5 h6
27. Nf3 Qb3 28. Qe3 Bxf3 29. Qxf3 cxd4 30. cxd4 Qxf3 31. gxf3 Bxd4 32. f4 Kf6
33. Rd1 Bc5 34. Kg2 a5 35. Kf3 Ke6 36. Rg1 Kf5 37. Rb1 Bb4 38. Rd1 Bc5 39. Rd5+
Ke6 40. Ke4 Kf6 41. f3 Bb4 42. f5 g5 43. Rb5 Bd2 44. Rb6 Bf4 45. h3 1-0

[Event "Olimpiada de Khanty-Mansiysk 2010"]
[Site "Khanty-Mansiysk RUS"]
[Date "2010.10.01"]
[Round "10"]
[White "Montalvo, Alejandro"]
[Black "Collutiis, Duilio"]
[Result "0-1"]
[WhiteElo "2250"]
[BlackElo "2447"]
[PlyCount "62"]
[EventDate "2010.09.21"]
[EventType "team"]
[EventRounds "11"]
[EventCountry "RUS"]
[Source "lmi"]
[SourceDate "2010.09.21"]
[WhiteTeam "Puerto Rico"]
[BlackTeam "ICS"]
[WhiteTeamCountry "PUR"]

1. d4 c5 2. d5 Nf6 3. Nc3 g6 4. e4 d6 5. h3 Bg7 6. Nf3 O-O 7. Be2 b5 8. Nxb5
Nxe4 9. O-O Bb7 10. c4 a6 11. Na3 e6 12. dxe6 fxe6 13. Bd3 Nf6 14. Qe2 Re8 15.
Ng5 Nc6 16. Nc2 Ne5 17. f4 Nxd3 18. Qxd3 d5 19. Ne3 d4 20. Ng4 Nxg4 21. hxg4
Bf6 22. Nf3 e5 23. fxe5 Bxe5 24. Bd2 Qd7 25. Nxe5 Rxe5 26. Rf4 g5 27. Rf5 Rae8
28. Qh3 Rxf5 29. gxf5 Re2 30. Qd3 Rxg2+ 31. Kf1 Qe8 0-1

[Event "Olimpiada de Khanty-Mansiysk 2010"]
[Site "Khanty-Mansiysk RUS"]
[Date "2010.10.01"]
[Round "10"]
[White "Salov, Sergej"]
[Black "Vazquez, Reyes Raul"]
[Result "1/2-1/2"]
[WhiteElo "2271"]
[BlackElo "2217"]
[PlyCount "72"]
[EventDate "2010.09.21"]
[EventType "team"]
[EventRounds "11"]
[EventCountry "RUS"]
[Source "lmi"]
[SourceDate "2010.09.21"]
[WhiteTeam "ICS"]
[BlackTeam "Puerto Rico"]
[BlackTeamCountry "PUR"]

1. e4 c5 2. Nf3 d6 3. d4 cxd4 4. Nxd4 Nf6 5. Nc3 a6 6. Bg5 e6 7. f4 Qc7 8. Bxf6
gxf6 9. Qd2 Nc6 10. Nb3 Bd7 11. O-O-O O-O-O 12. Kb1 Kb8 13. Be2 h5 14. Rhf1 Be7
15. Rf3 Rdg8 16. Bf1 Na5 17. Rh3 Bc8 18. Qe2 Nxb3 19. axb3 d5 20. exd5 Qxf4 21.
Rxh5 Bd6 22. g3 Qb4 23. Rxh8 Rxh8 24. Ne4 Be5 25. d6 Bd7 26. c3 Qb6 27. b4 a5
28. b5 a4 29. c4 a3 30. bxa3 Qa7 31. Ka2 Rc8 32. Qd3 f5 33. Nc3 Qa5 34. Kb3 Rd8
35. Na4 Rc8 36. Nc3 Rd8 1/2-1/2

[Event "Olimpiada de Khanty-Mansiysk 2010"]
[Site "Khanty-Mansiysk RUS"]
[Date "2010.10.01"]
[Round "10"]
[White "Almedina, Ortiz Edgardo J"]
[Black "Parfenov, Pavel"]
[Result "1-0"]
[WhiteElo "2197"]
[BlackElo "2242"]
[PlyCount "53"]
[EventDate "2010.09.21"]
[EventType "team"]
[EventRounds "11"]
[EventCountry "RUS"]
[Source "lmi"]
[SourceDate "2010.09.21"]
[WhiteTeam "Puerto Rico"]
[BlackTeam "ICS"]
[WhiteTeamCountry "PUR"]

1. e4 c5 2. Nf3 e6 3. d4 cxd4 4. Nxd4 a6 5. Nc3 Qc7 6. g3 Nc6 7. Bg2 d6 8. O-O
Bd7 9. a4 Be7 10. Nb3 b6 11. f4 h5 12. Qe2 Bf6 13. Qc4 Rc8 14. Be3 Qb7 15. e5
d5 16. Qe2 Be7 17. f5 Nd8 18. Nd4 Bc5 19. fxe6 fxe6 20. Rf4 Ne7 21. Raf1 Ng6
22. R4f2 Bxd4 23. Bxd4 Nc6 24. Qd3 Nge7 25. Qh7 Kd8 26. Qxh8+ Kc7 27. Qxg7 1-0

[Event "Olimpiada de Khanty-Mansiysk 2010"]
[Site "Khanty-Mansiysk RUS"]
[Date "2010.10.01"]
[Round "10"]
[White "Megaranto, Susanto"]
[Black "Wiedenkeller, Michael"]
[Result "1/2-1/2"]
[WhiteElo "2516"]
[BlackElo "2431"]
[PlyCount "129"]
[EventDate "2010.09.21"]
[EventType "team"]
[EventRounds "11"]
[EventCountry "RUS"]
[Source "lmi"]
[SourceDate "2010.09.21"]
[WhiteTeam "Indonesia"]
[BlackTeam "Luxemburgo"]
[WhiteTeamCountry "INA"]
[BlackTeamCountry "LUX"]

1. d4 e6 2. c4 Nf6 3. Nf3 b6 4. g3 Bb7 5. Bg2 Be7 6. O-O O-O 7. Bg5 d6 8. Bxf6
Bxf6 9. Nc3 Nd7 10. Rc1 g6 11. e4 Bg7 12. Re1 e5 13. Qd2 a6 14. b3 Re8 15. Rcd1
Rb8 16. h3 Nf8 17. dxe5 dxe5 18. Qc2 Qc8 19. Nd5 Ne6 20. h4 Nd4 21. Nxd4 exd4
22. Nb4 a5 23. Nd3 Qd7 24. f4 Rbd8 25. a4 Re7 26. e5 Bxg2 27. Qxg2 Rde8 28. h5
f6 29. exf6 Bxf6 30. Rxe7 Rxe7 31. hxg6 hxg6 32. Re1 Rxe1+ 33. Nxe1 Kf7 34. Qf3
Qe6 35. Nd3 Ke7 36. Kg2 Kd7 37. g4 c6 38. f5 gxf5 39. Qxf5 Qxf5 40. gxf5 Ke7
41. c5 bxc5 42. Kf3 Kd6 43. Ke4 Bd8 44. Ne5 Bc7 45. f6 Ke6 46. f7 Ke7 47. Nd7
Kxf7 48. Nxc5 Ke7 49. Kxd4 Bb6 50. Kc4 Kd6 51. Ne4+ Kc7 52. Kd3 Kd7 53. Nd2 Bc5
54. Nc4 Bb4 55. Ke4 Ke6 56. Ne3 Kd6 57. Nf5+ Kc5 58. Kd3 Be1 59. Ne3 Bh4 60.
Nc4 Bd8 61. Nd2 Bh4 62. Ne4+ Kd5 63. Nc3+ Kc5 64. Ne4+ Kd5 65. Nc3+ 1/2-1/2

[Event "Olimpiada de Khanty-Mansiysk 2010"]
[Site "Khanty-Mansiysk RUS"]
[Date "2010.10.01"]
[Round "10"]
[White "Linster, Philippe"]
[Black "Purnama, Tirta Chandra"]
[Result "0-1"]
[WhiteElo "2264"]
[BlackElo "2400"]
[PlyCount "86"]
[EventDate "2010.09.21"]
[EventType "team"]
[EventRounds "11"]
[EventCountry "RUS"]
[Source "lmi"]
[SourceDate "2010.09.21"]
[WhiteTeam "Luxemburgo"]
[BlackTeam "Indonesia"]
[WhiteTeamCountry "LUX"]
[BlackTeamCountry "INA"]

1. d4 Nf6 2. c4 g6 3. Nc3 Bg7 4. e4 d6 5. Nf3 O-O 6. Be2 Na6 7. O-O e5 8. Be3
Ng4 9. Bg5 Qe8 10. h3 h6 11. Bh4 Nf6 12. Bxf6 Bxf6 13. c5 Bg7 14. cxd6 cxd6 15.
dxe5 dxe5 16. Nd5 Rb8 17. Rc1 Qd8 18. Qa4 Be6 19. Rfd1 Bxd5 20. Rxd5 Qb6 21.
Qb5 Rbc8 22. Rxc8 Rxc8 23. Qxb6 axb6 24. Rd6 Rc1+ 25. Kh2 Nc5 26. Rxb6 Nxe4 27.
g3 Nxf2 28. Kg2 Nd1 29. Bd3 f5 30. Nd2 e4 31. Bc4+ Kh8 32. Bb3 Nxb2 33. Rxb7 h5
34. g4 hxg4 35. hxg4 Nd3 36. g5 Bd4 37. Rd7 Bc5 38. a4 Rg1+ 39. Kh2 Ne5 40.
Rd8+ Kg7 41. Rg8+ Kh7 42. Rc8 Ng4+ 43. Kh3 Bd6 0-1

[Event "Olimpiada de Khanty-Mansiysk 2010"]
[Site "Khanty-Mansiysk RUS"]
[Date "2010.10.01"]
[Round "10"]
[White "Novita, Anjas"]
[Black "Jeitz, Christian"]
[Result "1/2-1/2"]
[WhiteElo "2356"]
[BlackElo "2235"]
[PlyCount "112"]
[EventDate "2010.09.21"]
[EventType "team"]
[EventRounds "11"]
[EventCountry "RUS"]
[Source "lmi"]
[SourceDate "2010.09.21"]
[WhiteTeam "Indonesia"]
[BlackTeam "Luxemburgo"]
[WhiteTeamCountry "INA"]
[BlackTeamCountry "LUX"]

1. e4 c5 2. Nf3 Nc6 3. d4 cxd4 4. Nxd4 Nf6 5. Nc3 e6 6. a3 Be7 7. Be3 a6 8. f4
d6 9. Bd3 Qc7 10. O-O Nxd4 11. Bxd4 e5 12. Be3 exf4 13. Rxf4 Be6 14. Qf3 Nd7
15. Rf1 Bg5 16. Rf5 Ne5 17. Qg3 Bxe3+ 18. Qxe3 Bxf5 19. Nd5 Qc5 20. Qxc5 dxc5
21. Rxf5 Nxd3 22. Nc7+ Ke7 23. Nxa8 Rxa8 24. cxd3 Rc8 25. Rf3 Rc6 26. Rf2 Rd6
27. Rd2 Rd4 28. b3 a5 29. Kf2 Kd6 30. Ke3 b6 31. g4 h6 32. h4 Ke5 33. Rf2 Rd7
34. b4 axb4 35. axb4 Ra7 36. bxc5 bxc5 37. g5 hxg5 38. Rf5+ Kd6 39. Rxg5 f6 40.
Rd5+ Kc6 41. Kf4 Ra1 42. h5 Rh1 43. Kg4 Rh2 44. Rd8 Rh1 45. Rh8 Kd6 46. Kf5 Ke7
47. Kg4 Rg1+ 48. Kf4 Rh1 49. Kg4 Rg1+ 50. Kf3 Rh1 51. Ke3 Rh2 52. Kf3 Rh1 53.
Ke2 Rh2+ 54. Ke3 Ke6 55. Rh7 Kf7 56. Rh8 Ke6 1/2-1/2

[Event "Olimpiada de Khanty-Mansiysk 2010"]
[Site "Khanty-Mansiysk RUS"]
[Date "2010.10.01"]
[Round "10"]
[White "Matamoros, Franco Carlos"]
[Black "Denny, Kevin"]
[Result "1-0"]
[WhiteElo "2542"]
[BlackElo "2316"]
[PlyCount "50"]
[EventDate "2010.09.21"]
[EventType "team"]
[EventRounds "11"]
[EventCountry "RUS"]
[Source "lmi"]
[SourceDate "2010.09.21"]
[WhiteTeam "Ecuador"]
[BlackTeam "Barbados"]
[WhiteTeamCountry "ECU"]
[BlackTeamCountry "BAR"]

1. Nf3 Nf6 2. c4 g6 3. g3 Bg7 4. Bg2 O-O 5. Nc3 d6 6. d4 Nc6 7. O-O a6 8. d5
Na5 9. b3 c5 10. dxc6 Nxc6 11. Bb2 Qa5 12. Qc1 Qh5 13. h4 Bh6 14. Ng5 Nd4 15.
Qd2 Nf5 16. Nd5 Bxg5 17. Qxg5 Qxg5 18. hxg5 Nxd5 19. Bxd5 Rb8 20. Kg2 Be6 21.
Bf3 h5 22. gxh6 f6 23. Rh1 Kh7 24. g4 Nxh6 25. g5 fxg5 1-0

[Event "Olimpiada de Khanty-Mansiysk 2010"]
[Site "Khanty-Mansiysk RUS"]
[Date "2010.10.01"]
[Round "10"]
[White "Farley, Terry"]
[Black "Macias Murillo, Bryan"]
[Result "0-1"]
[WhiteElo "2231"]
[BlackElo "2377"]
[PlyCount "60"]
[EventDate "2010.09.21"]
[EventType "team"]
[EventRounds "11"]
[EventCountry "RUS"]
[Source "lmi"]
[SourceDate "2010.09.21"]
[WhiteTeam "Barbados"]
[BlackTeam "Ecuador"]
[WhiteTeamCountry "BAR"]
[BlackTeamCountry "ECU"]

1. d4 Nf6 2. Nf3 e6 3. e3 c5 4. Bd3 b6 5. O-O Bb7 6. c4 Be7 7. Nc3 a6 8. b3
cxd4 9. exd4 d5 10. Bb2 O-O 11. Qe2 Nc6 12. Rad1 Re8 13. Bb1 Rc8 14. Ne5 dxc4
15. bxc4 Bf8 16. Rfe1 Qc7 17. Qe3 g6 18. f4 Red8 19. Kh1 Nh5 20. Be4 Bh6 21. g3
Na5 22. Na4 Nf6 23. d5 Nxe4 24. Ng4 Bg7 25. Bxg7 Kxg7 26. Qxe4 Nxc4 27. Nc3 Qc5
28. Rd4 exd5 29. Qd3 Nb2 30. Qe3 Re8 0-1

[Event "Olimpiada de Khanty-Mansiysk 2010"]
[Site "Khanty-Mansiysk RUS"]
[Date "2010.10.01"]
[Round "10"]
[White "Haddouche, Mohamed"]
[Black "Eid, Fadi"]
[Result "0-1"]
[WhiteElo "2425"]
[BlackElo "2387"]
[PlyCount "82"]
[EventDate "2010.09.21"]
[EventType "team"]
[EventRounds "11"]
[EventCountry "RUS"]
[Source "lmi"]
[SourceDate "2010.09.21"]
[WhiteTeam "Argelia"]
[BlackTeam "Líbano"]
[WhiteTeamCountry "ALG"]
[BlackTeamCountry "LBN"]

1. e4 d5 2. exd5 Nf6 3. Nf3 Qxd5 4. Nc3 Qd6 5. d4 a6 6. g3 Bg4 7. h3 Bh5 8. Bg2
Nc6 9. O-O O-O-O 10. Bf4 Qb4 11. a3 Qc4 12. g4 Bg6 13. g5 Bh5 14. gxf6 Rxd4 15.
Bd2 gxf6 16. Qe1 Rg8 17. Nxd4 Nxd4 18. Kh1 Rxg2 19. Kxg2 Bf3+ 20. Kh2 Nxc2 21.
Qb1 e6 22. Rg1 Bd6+ 23. Rg3 Nxa1 24. Be3 Nc2 25. Qc1 h5 26. Kg1 Bxg3 27. fxg3
Qd3 28. Bf2 Bc6 29. Qh6 b6 30. Qxf6 Ne3 31. Be1 Nf5 32. Qh8+ Kb7 33. Qxh5 Nxg3
34. Qxf7 Nf5 35. Qh5 Nd4 36. Qd1 Qxh3 37. Kf2 e5 38. b4 Qg2+ 39. Ke3 Nc2+ 40.
Kd3 e4+ 41. Kc4 Ne3+ 0-1

[Event "Olimpiada de Khanty-Mansiysk 2010"]
[Site "Khanty-Mansiysk RUS"]
[Date "2010.10.01"]
[Round "10"]
[White "Sakr, Nassim"]
[Black "Goutali, Tarek"]
[Result "0-1"]
[WhiteElo "2177"]
[BlackElo "2261"]
[PlyCount "62"]
[EventDate "2010.09.21"]
[EventType "team"]
[EventRounds "11"]
[EventCountry "RUS"]
[Source "lmi"]
[SourceDate "2010.09.21"]
[WhiteTeam "Líbano"]
[BlackTeam "Argelia"]
[WhiteTeamCountry "LBN"]
[BlackTeamCountry "ALG"]

1. d4 d6 2. Nf3 g6 3. Bf4 Bg7 4. e3 Nd7 5. c3 e5 6. Bg5 Ne7 7. Bc4 O-O 8. O-O
Kh8 9. e4 Qe8 10. Nbd2 Nc6 11. dxe5 dxe5 12. b4 Nd8 13. g3 Nb6 14. Be2 Bh3 15.
Re1 Ne6 16. Be3 f5 17. exf5 gxf5 18. Qb3 e4 19. Ng5 Nxg5 20. Bxg5 f4 21. Bh4 e3
22. Bf1 Be6 23. Qc2 exd2 24. Qxd2 Qc6 25. Rac1 Rae8 26. c4 Nxc4 27. Qc2 Ne5 28.
Qb1 Nf3+ 29. Kh1 Nxe1+ 30. Rxc6 Bd5+ 31. f3 Bxf3+ 0-1

[Event "Olimpiada de Khanty-Mansiysk 2010"]
[Site "Khanty-Mansiysk RUS"]
[Date "2010.10.01"]
[Round "10"]
[White "Oussedik, Mahfoud"]
[Black "El Jawich, Amro"]
[Result "1/2-1/2"]
[WhiteElo "2222"]
[BlackElo "2105"]
[PlyCount "87"]
[EventDate "2010.09.21"]
[EventType "team"]
[EventRounds "11"]
[EventCountry "RUS"]
[Source "lmi"]
[SourceDate "2010.09.21"]
[WhiteTeam "Argelia"]
[BlackTeam "Líbano"]
[WhiteTeamCountry "ALG"]
[BlackTeamCountry "LBN"]

1. c4 Nf6 2. Nf3 g6 3. g3 Bg7 4. Bg2 O-O 5. O-O d6 6. Nc3 Nbd7 7. Rb1 a5 8. a3
c6 9. b4 axb4 10. axb4 Qc7 11. d3 e5 12. Nd2 Nh5 13. b5 Rb8 14. Ba3 f5 15. Qb3
c5 16. Nd5 Qd8 17. e3 Ndf6 18. f4 Nxd5 19. Bxd5+ Kh8 20. fxe5 Bxe5 21. d4 cxd4
22. Nf3 Bg7 23. Nxd4 Qe7 24. Ne2 Be6 25. Rbd1 Rfd8 26. Nf4 Bxd5 27. cxd5 Rdc8
28. Bb2 Bxb2 29. Qxb2+ Qf6 30. Qa3 Nxf4 31. exf4 Re8 32. Qa1 Kg7 33. Qxf6+ Kxf6
34. Rfe1 Re4 35. Rc1 Rc8 36. b6 Rc5 37. Red1 Rd4 38. Kf2 Rxd1 39. Rxd1 Rb5 40.
Rc1 Rxb6 41. Rc7 Rb5 42. Rxh7 b6 43. Rb7 Rxd5 44. Rxb6 1/2-1/2

[Event "Olimpiada de Khanty-Mansiysk 2010"]
[Site "Khanty-Mansiysk RUS"]
[Date "2010.10.01"]
[Round "10"]
[White "Kassis, Antoine"]
[Black "Khelfallah, Badreddine"]
[Result "1/2-1/2"]
[WhiteElo "2236"]
[BlackElo "2183"]
[PlyCount "48"]
[EventDate "2010.09.21"]
[EventType "team"]
[EventRounds "11"]
[EventCountry "RUS"]
[Source "lmi"]
[SourceDate "2010.09.21"]
[WhiteTeam "Líbano"]
[BlackTeam "Argelia"]
[WhiteTeamCountry "LBN"]
[BlackTeamCountry "ALG"]

1. e4 c5 2. Nf3 e6 3. d3 Nc6 4. g3 g6 5. Bg2 Bg7 6. O-O Nge7 7. Re1 d6 8. c3
O-O 9. d4 cxd4 10. cxd4 Qb6 11. d5 Ne5 12. Nc3 exd5 13. exd5 Nf5 14. Rb1 Nxf3+
15. Qxf3 Nd4 16. Qd3 Bf5 17. Be4 Rac8 18. Bf4 Rfe8 19. Bxf5 Nxf5 20. Rxe8+ Rxe8
21. Qb5 Qxb5 22. Nxb5 a6 23. Nxd6 Nxd6 24. Bxd6 Rd8 1/2-1/2

[Event "Olimpiada de Khanty-Mansiysk 2010"]
[Site "Khanty-Mansiysk RUS"]
[Date "2010.10.01"]
[Round "10"]
[White "Al Qudaimi, Basheer"]
[Black "Juarez, Flores Carlos A"]
[Result "0-1"]
[WhiteElo "2428"]
[BlackElo "2366"]
[PlyCount "80"]
[EventDate "2010.09.21"]
[EventType "team"]
[EventRounds "11"]
[EventCountry "RUS"]
[Source "lmi"]
[SourceDate "2010.09.21"]
[WhiteTeam "Yemen"]
[BlackTeam "Guatemala"]
[WhiteTeamCountry "YEM"]
[BlackTeamCountry "GUA"]

1. d4 d5 2. Nf3 c6 3. e3 Bg4 4. h3 Bh5 5. c4 e6 6. Nc3 Nf6 7. Qb3 Qb6 8. Ne5
Nbd7 9. f4 Qxb3 10. axb3 Bb4 11. Nd3 Be7 12. c5 Bg6 13. Nf2 Nh5 14. g4 Ng3 15.
Rg1 Nxf1 16. Kxf1 h5 17. b4 Bh4 18. f5 exf5 19. g5 f4 20. exf4 O-O 21. b5 Rfe8
22. b4 Nf8 23. bxc6 bxc6 24. Kg2 Ne6 25. Rd1 Bc2 26. Re1 Nxd4 27. Rxa7 Rxe1 28.
Rxa8+ Kh7 29. Bd2 Re6 30. Ra2 Bb3 31. Ra7 Nf5 32. Rxf7 Kg6 33. Rd7 d4 34. Nd3
dxc3 35. Bxc3 Bd5+ 36. Kg1 Re2 37. Ne5+ Kh7 38. Rxd5 cxd5 39. b5 Bf2+ 40. Kf1
Rc2 0-1

[Event "Olimpiada de Khanty-Mansiysk 2010"]
[Site "Khanty-Mansiysk RUS"]
[Date "2010.10.01"]
[Round "10"]
[White "Lorenzana, Wilson Estuard"]
[Black "Abdul, Moula Sabri"]
[Result "0-1"]
[WhiteElo "2206"]
[BlackElo "2189"]
[PlyCount "108"]
[EventDate "2010.09.21"]
[EventType "team"]
[EventRounds "11"]
[EventCountry "RUS"]
[Source "lmi"]
[SourceDate "2010.09.21"]
[WhiteTeam "Guatemala"]
[BlackTeam "Yemen"]
[WhiteTeamCountry "GUA"]
[BlackTeamCountry "YEM"]

1. e4 c5 2. Nf3 a6 3. c4 g6 4. d4 cxd4 5. Nxd4 Bg7 6. Nc3 Nc6 7. Be3 d6 8. Be2
Nf6 9. Nc2 O-O 10. O-O h6 11. h3 Kh7 12. Qd2 Bd7 13. Rac1 Rc8 14. Rfd1 Be6 15.
f4 Nd7 16. b4 Nb6 17. Nd5 Na4 18. Nd4 Bd7 19. c5 e6 20. Nb6 dxc5 21. bxc5 Nxb6
22. cxb6 Nxd4 23. Bxd4 Rxc1 24. Rxc1 Bb5 25. e5 Bxe2 26. Rc7 Qd5 27. Bc3 Bc4
28. Rd7 Qxd2 29. Bxd2 Bd5 30. Bb4 Rc8 31. Rc7 Rd8 32. Rxf7 Kg8 33. Rc7 Bf8 34.
Be1 Bc6 35. Bf2 Rd7 36. Rc8 Kf7 37. Be3 a5 38. g4 a4 39. f5 gxf5 40. gxf5 Bb4
41. Rh8 Bd2 42. Bc5 exf5 43. Kf2 Bg5 44. Bd6 Kg7 45. Rc8 Be7 46. Bc7 f4 47. e6
Rd2+ 48. Ke1 Bb4 49. Be5+ Kg6 50. Kf1 Bb5+ 51. Kg1 f3 52. Bg3 Rg2+ 53. Kh1 Rxg3
54. Rg8+ Kh7 0-1

[Event "Olimpiada de Khanty-Mansiysk 2010"]
[Site "Khanty-Mansiysk RUS"]
[Date "2010.10.01"]
[Round "10"]
[White "Al-Zendani, Zendan"]
[Black "Ortiz, Q Johnny Alexander"]
[Result "1-0"]
[WhiteElo "2400"]
[BlackElo "2179"]
[PlyCount "73"]
[EventDate "2010.09.21"]
[EventType "team"]
[EventRounds "11"]
[EventCountry "RUS"]
[Source "lmi"]
[SourceDate "2010.09.21"]
[WhiteTeam "Yemen"]
[BlackTeam "Guatemala"]
[WhiteTeamCountry "YEM"]
[BlackTeamCountry "GUA"]

1. e4 c5 2. Nf3 d6 3. d4 cxd4 4. Nxd4 Nf6 5. Nc3 a6 6. Bg5 e6 7. f4 Be7 8. Qf3
Nbd7 9. O-O-O Qc7 10. Bd3 b5 11. Rhe1 Bb7 12. a3 Nc5 13. Bxf6 gxf6 14. Qh5 Bf8
15. f5 O-O-O 16. fxe6 fxe6 17. Qh3 Qf7 18. Be2 Kb8 19. Bg4 e5 20. Ne6 Nxe6 21.
Bxe6 Qg7 22. Kb1 h5 23. Rd3 Qg5 24. Nd5 Bxd5 25. Rxd5 Rh7 26. a4 Rb7 27. axb5
axb5 28. Qd3 Qxg2 29. Rxb5 Qf2 30. Re3 Qg1+ 31. Ka2 Qg7 32. Bd5 Rdd7 33. Qc4
Rxb5 34. Qxb5+ Kc8 35. Rc3+ Kd8 36. Qb8+ Ke7 37. Rc8 1-0

[Event "Olimpiada de Khanty-Mansiysk 2010"]
[Site "Khanty-Mansiysk RUS"]
[Date "2010.10.01"]
[Round "10"]
[White "Olape, Olubunmi"]
[Black "Belzo, Krzysztof"]
[Result "1/2-1/2"]
[WhiteElo "2256"]
[BlackElo "2007"]
[PlyCount "122"]
[EventDate "2010.09.21"]
[EventType "team"]
[EventRounds "11"]
[EventCountry "RUS"]
[Source "lmi"]
[SourceDate "2010.09.21"]
[WhiteTeam "Nigeria"]
[BlackTeam "Islas del Canal"]
[WhiteTeamCountry "NGR"]
[BlackTeamCountry "JCI"]

1. e4 c5 2. Nf3 Nc6 3. d4 cxd4 4. Nxd4 g6 5. c4 Bg7 6. Be3 d6 7. Nc3 Nf6 8. Be2
O-O 9. O-O Bd7 10. Rc1 Nxd4 11. Bxd4 Bc6 12. f3 a5 13. b3 Nd7 14. Bxg7 Kxg7 15.
Qd4+ f6 16. Kh1 Qb6 17. Qd2 Nc5 18. Rb1 Rfd8 19. Rfd1 Qb4 20. Qc1 e5 21. Bf1
Ne6 22. a3 Qb6 23. b4 axb4 24. axb4 h5 25. Qb2 h4 26. h3 Nd4 27. Qf2 Qc7 28.
Qxh4 Ra3 29. Rd3 Rda8 30. b5 g5 31. Qg3 Bd7 32. Nd5 Qc5 33. f4 Rxd3 34. Bxd3
exf4 35. Nxf4 Qe5 36. Ne2 Nxe2 37. Qxe5 fxe5 38. Bxe2 Ra2 39. Bf1 Kf6 40. Rc1
b6 41. Kg1 Be8 42. Rd1 Ke7 43. Bd3 Bh5 44. Re1 Rd2 45. Re3 Bf7 46. Rg3 Be6 47.
Bf1 Kf6 48. Rf3+ Ke7 49. Ra3 Rd4 50. Ra7+ Kf6 51. Rc7 Rxe4 52. Rc6 Ke7 53. Kf2
g4 54. hxg4 Rxg4 55. Be2 Rd4 56. g3 Rd2 57. Ke3 Rd4 58. Bd3 Rg4 59. Kd2 d5 60.
cxd5 Bxd5 61. Rxb6 Rxg3 1/2-1/2

[Event "Olimpiada de Khanty-Mansiysk 2010"]
[Site "Khanty-Mansiysk RUS"]
[Date "2010.10.01"]
[Round "10"]
[White "Mas, Hafizulhelmi"]
[Black "Jones, Richard S"]
[Result "1-0"]
[WhiteElo "2422"]
[BlackElo "2373"]
[PlyCount "117"]
[EventDate "2010.09.21"]
[EventType "team"]
[EventRounds "11"]
[EventCountry "RUS"]
[Source "lmi"]
[SourceDate "2010.09.21"]
[WhiteTeam "Malasia"]
[BlackTeam "Gales"]
[WhiteTeamCountry "MAS"]
[BlackTeamCountry "WLS"]

1. e4 c5 2. Nf3 d6 3. d4 cxd4 4. Nxd4 Nf6 5. Nc3 a6 6. Be2 e5 7. Nb3 Be7 8. Bg5
Be6 9. Bxf6 Bxf6 10. Qd3 Be7 11. Nd5 Nd7 12. O-O-O Bxd5 13. Qxd5 Qc7 14. Bc4
Bg5+ 15. Kb1 Nb6 16. Qa5 Rc8 17. Bd3 O-O 18. g3 Bh6 19. Rhf1 g6 20. f4 exf4 21.
gxf4 Bg7 22. c3 Nc4 23. Qxc7 Rxc7 24. Rf3 Re8 25. Bc2 b5 26. Nd2 Nb6 27. Rd3
Rc6 28. Rg1 Bh6 29. Rf1 Nd7 30. Rh3 Bg7 31. Rg3 Nc5 32. h4 Rb6 33. Rd1 Bh6 34.
Rf3 Ne6 35. Rdf1 Nc5 36. h5 b4 37. hxg6 hxg6 38. Nc4 Rc6 39. e5 dxe5 40. fxe5
bxc3 41. Nd6 Rb8 42. Rxc3 Bg7 43. Nxf7 Rc7 44. Rcf3 Rb6 45. Nd6 Rxb2+ 46. Kxb2
Bxe5+ 47. Kc1 Bxd6 48. Rg1 Bf4+ 49. Kd1 Rd7+ 50. Ke1 Be5 51. Rxg6+ Bg7 52. Rf5
Rc7 53. Kf1 Kh8 54. Kg2 a5 55. Rgg5 Ne6 56. Rh5+ Kg8 57. Bb3 Rc6 58. Rxa5 Kf8
59. Rhf5+ 1-0

[Event "Olimpiada de Khanty-Mansiysk 2010"]
[Site "Khanty-Mansiysk RUS"]
[Date "2010.10.01"]
[Round "10"]
[White "Bennett, Alan"]
[Black "Mok, Tze-Meng"]
[Result "0-1"]
[WhiteElo "2154"]
[BlackElo "2416"]
[PlyCount "86"]
[EventDate "2010.09.21"]
[EventType "team"]
[EventRounds "11"]
[EventCountry "RUS"]
[Source "lmi"]
[SourceDate "2010.09.21"]
[WhiteTeam "Gales"]
[BlackTeam "Malasia"]
[WhiteTeamCountry "WLS"]
[BlackTeamCountry "MAS"]

1. d4 g6 2. e4 Bg7 3. Nc3 c6 4. Nf3 d5 5. h3 Nf6 6. e5 Ne4 7. Nxe4 dxe4 8. Ng5
c5 9. e6 f6 10. Nf7 Qxd4 11. Nxh8 Bxh8 12. Bb5+ Nc6 13. c3 Qxd1+ 14. Kxd1 Bxe6
15. Be3 c4 16. Kc2 a6 17. Bxc6+ bxc6 18. Rhd1 Bd5 19. b3 f5 20. g4 Bf6 21. Rg1
Kf7 22. gxf5 gxf5 23. Bg5 Be5 24. Rae1 Rb8 25. b4 Rd8 26. Be3 Bf6 27. Bg5 Bh8
28. Be3 Ra8 29. a3 Bf6 30. Bg5 Be5 31. Be3 a5 32. Bc5 axb4 33. Bxb4 Kf6 34. Bc5
f4 35. Rg4 Be6 36. Rh4 Bf5 37. Rg1 e3+ 38. Kc1 Rb8 39. Bb4 c5 40. fxe3 cxb4 41.
cxb4 fxe3 42. Rxc4 Ra8 43. Rc6+ e6 0-1